| 000 | 00721nam a2200217Ia 4500 | ||
|---|---|---|---|
| 003 | BUBTL | ||
| 008 | 151213s9999 xx 000 0 und d | ||
| 082 |
_a658.3 _bFIM |
||
| 100 | _aCynthia D,Fisher. Lyle F. Schoen Peldt & Jemes B. Show | ||
| 245 |
_aHuman Resource management _cCynthia D,Fisher. Lyle F. Schoen Peldt & Jemes B. Show |
||
| 250 | _a5th | ||
| 260 |
_aNew Dilhi _bHoughton Mittlin _c2004 |
||
| 300 |
_a[xxiv] , 886p . : _bill , Table ; 24cm . _cManagement . |
||
| 500 | _aIncludes Index . | ||
| 650 | _aManagement | ||
| 650 | _aManagement | ||
| 700 | _aCynthia D,Fisher. Lyle F. Schoen Peldt & Jemes B. Show | ||
| 856 |
_k0 _l0 _yDownload |
||
| 942 |
_2ddc _cBK |
||
| 999 |
_c1653 _d1653 |
||